[Event "Summer Cup"]
[Site "Wellington Chess Club"]
[Date "2023.02.18"]
[Round "2.26"]
[White "Hill, Matthew"]
[Black "Meravanage, Satwik"]
[Result "1-0"]
[WhiteElo "1000"]
[BlackElo "1546"]

1. e4 e5 2. f4 exf4 3. Nf3 d5 4. Bd3 Bc5 5. Qe2 dxe4 6. Bxe4 Qe7 7. Nc3 Nf6 8.
d3 Nxe4 9. dxe4 g5 10. Nd5 Qd6 11. Nxg5 Be3 12. Bxe3 fxe3 13. O-O Be6 14. Nf6+
Ke7 15. Qxe3 Qb6 16. Qxb6 axb6 17. e5 Nc6 18. Nf3 Ra5 19. Rfe1 Nxe5 20. Nxe5
Kxf6 21. Nd3 Rxa2 22. Rxe6+ 1-0

[Event "Summer Cup"]
[Site "Wellington Chess Club"]
[Date "2023.02.18"]
[Round "2.27"]
[White "Hampshire, Thomas"]
[Black "Saglam, Azra"]
[Result "1-0"]
[WhiteElo "1522"]
[BlackElo "1000"]

1. e4 c6 2. Nf3 d5 3. Nc3 Bg4 4. h3 Bh5 5. exd5 cxd5 6. Be2 Nf6 7. d4 e6 8. Bf4
Nc6 9. O-O a6 10. Ne5 Bxe2 11. Nxe2 Bd6 12. Nxc6 bxc6 13. Bxd6 Qxd6 14. Ng3 O-O
15. c3 Nd7 16. Qc2 a5 17. b3 c5 18. Rac1 Rfc8 19. Qd2 Rc7 20. c4 dxc4 21. Rxc4
Nb6 22. Rc2 Nd5 23. Ne4 Qe7 24. Rxc5 Rxc5 25. Nxc5 e5 26. Re1 f6 27. Na4 Qb4
28. Qxb4 Nxb4 29. dxe5 fxe5 30. Rxe5 Nxa2 31. Nb6 Ra6 32. Nc4 a4 33. bxa4 Rxa4
34. Nd6 Ra8 35. f4 Nb4 36. g4 Nd3 37. Re4 h6 38. Kg2 Rd8 39. Nf5 Rd7 40. Kg3
Kf7 41. Rd4 Rxd4 42. Nxd4 Nc5 43. g5 hxg5 44. fxg5 Kg6 45. h4 Nd7 46. Ne6 Ne5
47. Nf4+ Kh7 48. h5 g6 49. hxg6+ Kg7 50. Kh4 Nd7 51. Kh5 Nf8 52. Kh4 Nd7 53.
Kg4 1-0

[Event "Summer Cup"]
[Site "Wellington Chess Club"]
[Date "2023.02.18"]
[Round "2.28"]
[White "Sova, Leo"]
[Black "Schwalger, Harry"]
[Result "1-0"]
[WhiteElo "1000"]
[BlackElo "1500"]

1. e4 e5 2. Nf3 Nc6 3. Bc4 Nf6 4. Nc3 a6 5. a3 b5 6. Ba2 Bc5 7. d3 h6 8. O-O d6
9. h3 O-O 10. Be3 Re8 11. b4 Bd4 12. Bxd4 Nxd4 13. Nxd4 exd4 14. Nd5 c6 15.
Nxf6+ Qxf6 16. f4 g6 17. Qf3 Qg7 18. Bb3 Kh8 19. Rae1 f5 20. exf5 Bxf5 21. Qxc6
Bd7 22. Qxd6 Red8 23. Re7 1-0

[Event "Summer Cup"]
[Site "Wellington Chess Club"]
[Date "2023.02.18"]
[Round "2.30"]
[White "Broad, Cory"]
[Black "Krause, Dawid"]
[Result "1-0"]
[WhiteElo "1477"]
[BlackElo "1500"]

1. Nf3 c5 2. g3 Nc6 3. c4 e6 4. Bg2 Nf6 5. O-O Be7 6. d3 O-O 7. Nc3 a6 8. Re1
Qc7 9. e4 d6 10. b3 Nd7 11. h4 Bf6 12. Bb2 Nd4 13. Nxd4 cxd4 14. Ne2 e5 15. Rc1
Nc5 16. b4 Qb6 17. Ba3 Ne6 18. Qd2 g5 19. hxg5 Bxg5 20. f4 exf4 21. gxf4 Bh6
22. Bb2 f5 23. c5 dxc5 24. bxc5 Qd8 25. Rc4 fxe4 26. Bxe4 Nxf4 27. Nxf4 Qg5+
28. Qg2 Rxf4 29. Qxg5+ Bxg5 30. Rxd4 Bh4 31. Bd5+ 1-0

[Event "Summer Cup"]
[Site "Wellington Chess Club"]
[Date "2023.02.18"]
[Round "2.31"]
[White "Malcolm, Aidan"]
[Black "Dutt, Rishay"]
[Result "1-0"]
[WhiteElo "1838"]
[BlackElo "1000"]

1. e4 e5 2. Nf3 Bc5 3. Bc4 d6 4. c3 Bg4 5. d4 Bb6 6. dxe5 Nc6 7. exd6 Ne5 8.
Be2 cxd6 9. Nxe5 dxe5 10. Bxg4 Nf6 11. O-O h5 12. Qa4+ Kf8 13. Be2 Ng4 14. g3
h4 15. Bxg4 hxg3 16. hxg3 f5 17. exf5 Qd5 18. Qb4+ Bc5 19. Bf3 Qxf3 20. Qxc5+
Kg8 21. Qc4+ Kf8 22. Qc5+ Kf7 23. Qc7+ Kf6 24. Bg5+ Kxg5 25. Qxg7+ Kh5 26. Qg6#
1-0

[Event "Summer Cup"]
[Site "Wellington Chess Club"]
[Date "2023.02.18"]
[Round "2.32"]
[White "Wilde, Brynn"]
[Black "Osborne, Geoff"]
[Result "1-0"]
[WhiteElo "1000"]
[BlackElo "1468"]

1. d4 Nf6 2. c4 g6 3. Nc3 Bg7 4. e4 d6 5. Bd3 O-O 6. Nge2 e5 7. d5 Nh5 8. Be3
f5 9. Qd2 f4 10. Nxf4 Nxf4 11. O-O-O Nxd3+ 12. Qxd3 Nd7 13. Rdf1 c5 14. Kb1 a6
15. Ne2 Nf6 16. f3 Bd7 17. Nc3 Rb8 18. a4 Ne8 19. h4 h5 20. Bg5 Qa5 21. b3 b5
22. axb5 axb5 23. Kb2 bxc4 24. Qxc4 Nc7 25. Ra1 Qb6 26. Ra3 Nb5 27. Nxb5 Bxb5
28. Qc3 c4 29. Be3 Qc7 30. Ra7 Qc8 31. Qb4 Rf7 32. Qxd6 c3+ 33. Kc2 Rxa7 34.
Bxa7 Rb7 35. Be3 Kh7 36. Ra1 Rb8 37. Ra7 Rb7 38. Rxb7 Qxb7 39. Qb6 Qxb6 40.
Bxb6 Bf8 41. Kxc3 Kg7 42. b4 Kf7 43. Bc5 Bxc5 44. bxc5 Ke7 45. g3 Kd7 46. f4
exf4 47. gxf4 Be2 48. Kd4 Bf3 49. Ke5 Bg4 50. Kf6 Bf3 51. Kxg6 Bxe4+ 52. Kxh5
Bxd5 53. Kg6 Be4+ 54. Kf6 Kc6 55. h5 Kxc5 56. h6 Kd6 57. f5 Bxf5 58. Kxf5 Ke7
59. h7 1-0

[Event "Summer Cup"]
[Site "Wellington Chess Club"]
[Date "2023.02.26"]
[Round "3.1"]
[White "Croad, Nicolas"]
[Black "Forster, Bill"]
[Result "1-0"]
[WhiteElo "2442"]
[BlackElo "2053"]

1. d4 g6 2. c4 Bg7 3. e4 c5 4. d5 d6 5. h3 Nf6 6. Nc3 e6 7. Nf3 exd5 8. cxd5
O-O 9. Bd3 b5 10. Nxb5 Nxe4 11. Bxe4 Re8 12. Nd2 f5 13. O-O fxe4 14. Nc4 Ba6
15. a4 Nd7 16. Ncxd6 Bxb5 17. axb5 Rf8 18. Nxe4 Qb6 19. Qg4 Ne5 20. Qh4 Rf5 21.
Ng5 h5 22. Ne6 Bf6 23. Qe4 Nf7 24. g4 1-0

[Event "Summer Cup"]
[Site "Wellington Chess Club"]
[Date "2023.02.26"]
[Round "3.2"]
[White "Van der Hoorn, Thomas"]
[Black "Ker, Anthony"]
[Result "1/2-1/2"]
[WhiteElo "2068"]
[BlackElo "2425"]

1. e4 c5 2. Nf3 g6 3. d4 cxd4 4. Nxd4 Nc6 5. c4 Nf6 6. Nc3 d6 7. Be2 Nxd4 8.
Qxd4 Bg7 9. Be3 O-O 10. Qd3 Be6 11. O-O Nd7 12. b3 Nc5 13. Qc2 f5 14. Rad1 Bxc3
15. exf5 Bxf5 16. Qxc3 Ne4 17. Qb2 Qc7 18. Rfe1 Nf6 19. Bf3 Rad8 20. Bh6 Rf7
21. Bg5 Bg4 22. Bxf6 Bxf3 23. Bxe7 Rxe7 24. gxf3 Rxe1+ 25. Rxe1 Qf7 26. Qe2 d5
27. cxd5 Rxd5 28. Qe8+ Qxe8 29. Rxe8+ Kf7 30. Rh8 Kg7 31. Rb8 Rd7 32. Kg2 Kf6
33. Re8 Rd2 34. Rb8 Rd7 35. Re8 Rd2 36. Rb8 1/2-1/2

[Event "Summer Cup"]
[Site "Wellington Chess Club"]
[Date "2023.02.26"]
[Round "3.3"]
[White "Dive, Russell"]
[Black "Tanoi, Edward"]
[Result "1/2-1/2"]
[WhiteElo "2350"]
[BlackElo "1993"]

1. Nf3 Nf6 2. c4 c6 3. b3 d5 4. Bb2 dxc4 5. bxc4 Bg4 6. Qb3 Qb6 7. Ne5 Nbd7 8.
Nxg4 Nxg4 9. e3 e5 10. Be2 Ngf6 11. O-O Be7 12. d3 O-O 13. Nd2 Rfe8 14. Rab1
Bc5 15. Qc2 Qc7 16. Rfd1 Bb6 17. Nf1 Nc5 18. Ng3 Qe7 19. Bc3 Rab8 20. a4 Qe6
21. a5 Bc7 22. Re1 e4 23. d4 Nd3 24. Bxd3 exd3 25. Qxd3 Bxg3 26. hxg3 Ne4 27.
Red1 Qf5 28. Be1 Qg5 29. d5 cxd5 30. cxd5 Rbd8 31. Rb4 Nf6 32. e4 Ng4 33. f3
Ne5 34. Qd2 Qe7 35. Rdb1 Qc5+ 36. Qf2 Qxa5 37. Rxb7 Qa3 38. R7b3 Qa6 39. Bc3
Qd6 40. Bb4 Qg6 41. g4 h5 42. gxh5 Qxh5 43. Qg3 Nc4 44. Bc3 Ne5 45. Rb7 Ng6 46.
Rxa7 Qh6 47. Qf2 Qg5 48. Bd2 Qe5 49. Rbb7 Nh8 50. Qe3 Rb8 51. Bc3 Qg3 52. Qf2
Qf4 53. Qd4 Qc1+ 54. Kf2 Qg5 55. e5 Rxb7 56. Rxb7 Ng6 57. e6 f6 58. d6 Nf4 59.
g3 Nxe6 60. d7 Rd8 61. Qe3 Qxe3+ 62. Kxe3 Nc5 63. Rc7 Nxd7 64. Kf4 Nf8 65. Kf5
Rd5+ 66. Ke4 Rd8 67. g4 Ne6 68. Re7 Ng5+ 69. Ke3 Kf8 70. Ra7 Kg8 71. f4 Re8+
72. Kd3 Ne4 73. Bd4 Kh7 74. f5 Kg8 75. Be3 Nd6 76. Rd7 Nf7 77. Bf4 Rd8 78.
Rxd8+ Nxd8 79. Kd4 Kf7 80. Kd5 Ke7 81. Bd6+ Ke8 82. Bf4 Kd7 83. Bd6 Ke8 84. Bc7
Nf7 85. Bf4 Kd7 86. Be3 Nd8 87. Bd4 Nf7 88. Be3 Nd8 89. g5 fxg5 90. Bxg5 Nf7
91. Bh4 Nh6 92. Ke5 Nxf5 1/2-1/2

[Event "Summer Cup"]
[Site "Wellington Chess Club"]
[Date "2023.02.26"]
[Round "3.5"]
[White "Winsley, Nicholas"]
[Black "Archer, Ollie"]
[Result "1-0"]
[WhiteElo "1942"]
[BlackElo "2151"]

1. d4 d5 2. c4 dxc4 3. e3 Nf6 4. Bxc4 e6 5. Nf3 c5 6. O-O a6 7. dxc5 Qxd1 8.
Rxd1 Bxc5 9. a3 Nc6 10. b4 Ba7 11. Bb2 Ke7 12. Nc3 Bd7 13. e4 Ng4 14. Rd2 Nge5
15. Nxe5 Nxe5 16. Be2 Rac8 17. Rad1 Rhd8 18. b5 Nc4 19. Bxc4 Rxc4 20. bxa6 bxa6
21. Rd6 Rc6 22. R6d3 Rb6 23. Bc1 Rbb8 24. e5 Bc5 25. Bg5+ f6 26. exf6+ gxf6 27.
Bxf6+ Kxf6 28. Ne4+ Ke7 29. Nxc5 Bb5 30. Rxd8 Rxd8 31. Rxd8 Kxd8 32. Nxe6+ Ke7
33. Nd4 Be8 34. Kf1 Kd6 35. Ke2 Bg6 36. f4 Be4 37. g4 Kd5 38. Ke3 Bb1 39. f5
Kc4 40. h4 Kc3 41. g5 Kb2 42. a4 Ka3 43. h5 Kxa4 44. g6 1-0

[Event "Summer Cup"]
[Site "Wellington Chess Club"]
[Date "2023.02.26"]
[Round "3.6"]
[White "Cilia Vincenti, David"]
[Black "Frost, Paul"]
[Result "1-0"]
[WhiteElo "2136"]
[BlackElo "1799"]

1. d4 f5 2. c4 Nf6 3. Nc3 e6 4. e3 c5 5. Nf3 d5 6. dxc5 Bxc5 7. cxd5 exd5 8.
Bb5+ Nc6 9. O-O O-O 10. b3 a6 11. Bxc6 bxc6 12. Na4 Bd6 13. Bb2 a5 14. Qc2 Bd7
15. Nc5 Ne4 16. Nb7 Qe7 17. Nxd6 Qxd6 18. Be5 Qe7 19. Rac1 g5 20. Ba1 g4 21.
Ne5 Rac8 22. Nxd7 Qxd7 23. f3 gxf3 24. gxf3 Nf6 25. Kh1 Kf7 26. Bxf6 Kxf6 27.
Qc3+ Ke6 28. Rg1 Qa7 29. f4 Qc7 30. Rg7 Rf7 31. Rcg1 Rcf8 32. a4 Rxg7 33. Rxg7
Rf7 34. Rg8 Re7 35. Qc5 Kd7 36. Ra8 Qd6 37. Qxa5 Qa3 38. Rd8+ Ke6 39. Qc3 Kf7
40. Rh8 Kg6 41. Rg8+ Kh5 42. Rg5+ Kh6 43. Qf6# 1-0

[Event "Summer Cup"]
[Site "Wellington Chess Club"]
[Date "2023.02.26"]
[Round "3.7"]
[White "Brockway, Andrew"]
[Black "Langford, Josh"]
[Result "0-1"]
[WhiteElo "1662"]
[BlackElo "2163"]

1. e4 c6 2. d4 d5 3. exd5 cxd5 4. Bd3 Nc6 5. c3 Qc7 6. Ne2 Bg4 7. h3 Bh5 8. g4
Bg6 9. Bf4 Qd7 10. Bxg6 hxg6 11. Nd2 Nf6 12. f3 e6 13. Nb3 b6 14. Qd2 Bd6 15.
O-O-O O-O 16. Bxd6 (16. h4 { This kinda looks bad for me but I thought e5 would
give me a lot of play. Turns out that's not really the case. } 16... e5 17.
dxe5 Nxe5 18. Bxe5 Bxe5 19. h5 { I have nothing here } ) 16... Qxd6 17. Qf4
Qxf4+ 18. Nxf4 Nd7 19. Rhe1 b5 20. Nd3 g5 21. Ne5 Ncxe5 22. dxe5 Rfc8 23. Rd4
Rab8 24. Kb1 Nb6 25. f4 gxf4 26. Rxf4 Nc4 27. Re2 b4 28. cxb4 Rxb4 29. Ref2 Rc7
30. Na5 Na3+ 0-1

[Event "Summer Cup"]
[Site "Wellington Chess Club"]
[Date "2023.02.26"]
[Round "3.8"]
[White "Evans, Oliver"]
[Black "Benitez, Edgar"]
[Result "0-1"]
[WhiteElo "1641"]
[BlackElo "1930"]

1. e4 e6 2. d4 d5 3. Bd3 dxe4 4. Bxe4 Nf6 5. Bf3 c5 6. Ne2 Nc6 7. c3 Be7 8. O-O
O-O 9. dxc5 Bxc5 10. b4 Be7 11. a4 Qc7 12. Ba3 Rd8 13. Nd2 e5 14. Qc2 Nxb4 15.
Bxb4 Bxb4 16. Qb2 Be7 17. Ne4 Rb8 18. Qc2 b6 19. Nxf6+ Bxf6 20. Rad1 Ba6 21. h4
Qe7 22. c4 g6 23. Be4 Bxh4 24. g3 Bf6 25. Kg2 Rdc8 26. Bd5 Bb7 27. Bxb7 Qxb7+
28. Rd5 Rc5 29. Rb1 Rxd5 30. cxd5 Qxd5+ 31. f3 Rd8 32. Nc3 Qd2+ 33. Qxd2 Rxd2+
34. Kh3 Rd3 35. Ne4 Be7 36. Kg2 f5 37. Nf2 Rd2 38. Rd1 Ra2 39. Kf1 Rxa4 40. Re1
Bd6 41. Nh3 h6 42. Rd1 Rd4 43. Rc1 Bc5 44. Re1 Rd5 45. f4 e4 0-1

[Event "Summer Cup"]
[Site "Wellington Chess Club"]
[Date "2023.02.26"]
[Round "3.9"]
[White "Aldridge, Alan"]
[Black "Keith, Matthew"]
[Result "1-0"]
[WhiteElo "1760"]
[BlackElo "1500"]

1. e4 c5 2. Nf3 d6 3. d4 cxd4 4. Nxd4 Nf6 5. Nc3 a6 6. Bg5 e6 7. Qd2 Be7 8. Be2
b5 9. a3 Bb7 10. Bf3 Qc7 11. O-O Nbd7 12. Rac1 Ne5 13. Bxf6 Bxf6 14. Ndxb5
Nxf3+ 15. gxf3 axb5 16. Nxb5 Qb6 17. Nxd6+ Ke7 18. Nxb7 Qxb7 19. c3 Rhd8 20.
Qc2 Qc7 21. Rcd1 Kf8 22. Rxd8+ Rxd8 23. Rd1 Rxd1+ 24. Qxd1 g6 25. Qd2 Be5 26.
h3 Bf4 27. Qd4 Qe5 28. a4 Qxd4 29. cxd4 Ke7 30. Kf1 Kd6 31. Ke2 Bc1 32. b3 Kc6
33. Kd3 f5 34. Kc4 Bd2 35. b4 Be1 36. a5 Bxf2 37. b5+ Kc7 38. d5 exd5+ 39. exd5
Kd6 40. b6 Kd7 41. Kb5 g5 42. a6 Kc8 43. Kc6 Kb8 44. d6 g4 45. hxg4 fxg4 46.
fxg4 Bh4 47. a7+ Ka8 48. Kc7 1-0

[Event "Summer Cup"]
[Site "Wellington Chess Club"]
[Date "2023.02.26"]
[Round "3.10"]
[White "Perrin, Brent"]
[Black "Howe, Alexander"]
[Result "1-0"]
[WhiteElo "1960"]
[BlackElo "1556"]

1. e4 e6 2. Qe2 c5 3. Nf3 Nc6 4. g3 Be7 5. Bg2 d5 6. d3 d4 7. O-O Nf6 8. Nbd2
O-O 9. h4 e5 10. Nh2 Ne8 11. a4 Be6 12. Ndf3 h6 13. b3 Nc7 14. Kh1 Kh7 15. Bd2
Na6 16. Ng1 Qd7 17. f4 f6 18. f5 Bf7 19. Bf3 Qe8 20. g4 Rh8 21. Qg2 Qd8 22.
Rae1 Kg8 23. Bd1 Kf8 24. Nhf3 Ke8 25. Nh3 Kd7 26. Kg1 Rc8 27. g5 Kc7 28. g6 Be8
29. Bc1 Kb8 30. Nd2 Na5 31. Nf2 Nb4 32. Nh1 Na2 33. Bb2 Qb6 34. Bg4 Nb4 35. Nb1
Na6 36. Ba3 Bd7 37. Ng3 Bf8 38. Ne2 Ka8 39. Kh1 Kb8 40. Ng1 Ka8 41. Nf3 Bd6 42.
Bc1 Kb8 43. Na3 Nc7 44. Nd2 Bf8 45. Ndc4 Nxc4 46. Nxc4 Qc6 47. Bb2 Ne8 48. Ra1
Nd6 49. Na3 Qb6 50. Rfb1 Qb4 51. Bc1 Qb6 52. Qd2 Qb4 53. Qd1 Qb6 54. Bd2 Qc6
55. Qc1 Nxe4 56. Bf3 Nf2+ 57. Kg2 Nxd3 58. cxd3 Qa6 59. Be4 Bc6 60. Nc4 b6 61.
Bxc6 Rxc6 62. Qe1 Qc8 63. Qe4 Qd7 64. b4 Bd6 65. b5 Rc7 66. a5 Rb7 67. axb6
axb6 68. Ra8+ Kc7 69. Rxh8 Rb8 70. Rxb8 Kxb8 71. Ra1 Kc8 72. Nxb6+ 1-0

[Event "Summer Cup"]
[Site "Wellington Chess Club"]
[Date "2023.02.26"]
[Round "3.11"]
[White "Hampshire, Thomas"]
[Black "Hall, Nathan"]
[Result "0-1"]
[WhiteElo "1522"]
[BlackElo "1922"]

1. e4 d6 2. d4 Nf6 3. Nc3 g6 4. f4 Bg7 5. Nf3 O-O 6. Bd3 c5 7. O-O cxd4 8. Nxd4
Qb6 9. Ne2 e5 10. Be3 Ng4 0-1

[Event "Summer Cup"]
[Site "Wellington Chess Club"]
[Date "2023.02.26"]
[Round "3.12"]
[White "Jackson, Ross"]
[Black "Broad, Cory"]
[Result "1-0"]
[WhiteElo "1885"]
[BlackElo "1477"]

1. d4 Nf6 2. c4 e6 3. Nf3 d5 4. cxd5 Bb4+ 5. Nc3 Nxd5 6. Bd2 O-O 7. a3 Nxc3 8.
bxc3 Bd6 9. e4 c5 10. Be2 Nc6 11. O-O f6 12. Be3 Qe7 13. Qb3 Kh8 14. Nd2 Na5
15. Qb5 b6 16. Qb2 Bb7 17. f4 Rac8 18. e5 Bb8 19. exf6 Rxf6 20. dxc5 bxc5 21.
c4 a6 22. Rab1 e5 23. f5 Rf7 24. Bh5 Rff8 25. Qc3 Nc6 26. Ne4 Ba7 27. Bg5 Qc7
28. f6 g6 29. Bg4 Rcd8 30. Bh6 1-0

[Event "Summer Cup"]
[Site "Wellington Chess Club"]
[Date "2023.02.26"]
[Round "3.13"]
[White "Hooper, John"]
[Black "Thirkell, Zachary"]
[Result "0-1"]
[WhiteElo "1244"]
[BlackElo "1885"]

1. e4 c6 2. d4 d5 3. e5 Bf5 4. Nf3 e6 5. Bd3 Ne7 6. O-O Qb6 7. a3 Nd7 8. b4 a5
9. c3 Bxd3 10. Qxd3 Qc7 11. b5 c5 12. a4 cxd4 13. cxd4 Ng6 14. Re1 Bb4 15. Bd2
Bxd2 16. Nbxd2 Nb6 17. Rec1 Qe7 18. Nb3 Nc4 19. Nc5 O-O 20. Qb3 Rfc8 21. b6 Rc6
22. Qb5 Rxb6 23. Qd7 Qxd7 24. Nxd7 Rb4 25. Rcb1 b6 26. Rxb4 axb4 27. Ne1 Rd8
28. Nxb6 Nxb6 29. a5 Nc4 30. a6 Ra8 31. Nd3 b3 32. Nc5 b2 33. Rb1 Ne7 34. h3 h6
35. Na4 Rxa6 36. Nxb2 Rb6 0-1

[Event "Summer Cup"]
[Site "Wellington Chess Club"]
[Date "2023.02.26"]
[Round "3.16"]
[White "Henrys, Francis"]
[Black "Hill, Matthew"]
[Result "1-0"]
[WhiteElo "1728"]
[BlackElo "1000"]

1. e4 e5 2. Nf3 Nc6 3. Bb5 Nf6 4. Nc3 Bd6 5. d4 O-O 6. Bxc6 dxc6 7. dxe5 Bxe5
8. Qxd8 Rxd8 9. Nxe5 Re8 10. f4 b5 11. O-O Ba6 12. Re1 b4 13. Na4 Bb5 14. Nc5
a5 15. Ned3 Bxd3 16. cxd3 Red8 17. h3 Ra7 18. e5 Nd7 19. d4 Nxc5 20. dxc5 Re8
21. a3 b3 22. Be3 a4 23. Rad1 Raa8 24. Rd7 Ra7 25. f5 h6 26. Bd4 Raa8 27. e6
Kf8 28. f6 Rxe6 29. Rxe6 fxe6 30. fxg7+ Kg8 31. Re7 Rd8 32. Be5 h5 33. Rxe6 Kh7
34. Rxc6 Rd7 35. Rxc7 Rxc7 36. Bxc7 Kxg7 37. Bd6 Kf7 38. Kf2 Ke6 39. Ke3 Kf5
40. Kd4 h4 41. c6 Ke6 42. Kc5 1-0

[Event "Summer Cup"]
[Site "Wellington Chess Club"]
[Date "2023.02.26"]
[Round "3.17"]
[White "Saglam, Yigit"]
[Black "Dixon, Hamish"]
[Result "0-1"]
[WhiteElo "1000"]
[BlackElo "1720"]

1. d4 Nf6 2. c4 g6 3. Nc3 Bg7 4. e4 d6 5. Nf3 O-O 6. Be2 c5 7. O-O cxd4 8. Nxd4
Nc6 9. Be3 a6 10. Rc1 Bd7 11. Bf3 Rc8 12. b3 Ne5 13. h3 Qa5 14. Be2 Bc6 15. f3
Rfd8 16. Qd2 Rc7 17. Rfd1 Rdc8 18. Nd5 Qxd2 19. Rxd2 Bxd5 20. exd5 Nxd5 21. Bf2
Bh6 22. Rcc2 Bxd2 23. Rxd2 Nf4 24. Bf1 Nc6 25. Nc2 Rd7 26. g3 Ne6 27. Ne3 Nc7
28. h4 e6 29. Ng4 Kg7 30. Be3 f5 31. Bh6+ Kf7 32. Nf2 d5 33. Nd3 dxc4 34. bxc4
e5 35. Rb2 Ne6 36. Be3 Ned4 37. Kg2 Ne6 38. a4 Kf6 39. Bb6 Ncd4 40. Nb4 e4 41.
fxe4 fxe4 42. Nd5+ Ke5 43. Bxd4+ Kxd4 44. Nb6 Rdd8 45. Nxc8 Rxc8 46. Rxb7 Rc7
47. Rb6 Nc5 48. a5 e3 49. Kf3 Rf7+ 50. Ke2 Rf2+ 51. Ke1 Kc3 52. Be2 Nd3+ 53.
Bxd3 Kxd3 54. Rb3+ Kxc4 55. Rxe3 Rf5 56. Re7 Rxa5 57. Rxh7 Re5+ 58. Kf2 a5 59.
Rc7+ Rc5 60. Rb7 a4 61. Rb1 a3 62. Kf3 a2 63. Ra1 Kb3 64. Kg4 Kb2 65. Rxa2+
Kxa2 66. Kf4 Rf5+ 67. Ke4 Rh5 68. Kf4 Kb3 69. Kf3 Kc4 70. Kg2 Kd4 71. Kh3 Ke5
72. g4 Rh8 73. Kg3 Kf6 74. Kf4 Rxh4 0-1

[Event "Summer Cup"]
[Site "Wellington Chess Club"]
[Date "2023.02.26"]
[Round "3.18"]
[White "Hill, Ethan"]
[Black "Webster, Jamie"]
[Result "1-0"]
[WhiteElo "1000"]
[BlackElo "1686"]

1. d4 d5 2. c4 c6 3. Nc3 Nf6 4. Nf3 e6 5. a3 dxc4 6. e4 b5 7. e5 Nd5 8. Bd2 Be7
9. Be2 Bb7 10. O-O Nd7 11. Qc2 Qb6 12. Nxd5 cxd5 13. Bb4 Bxb4 14. axb4 a5 15.
Qc3 a4 16. Ra3 O-O 17. Qc2 f6 18. Rd1 Qd8 19. h3 Qe7 20. exf6 Qxf6 21. Rd2 Rac8
22. Bd1 e5 23. Nh2 exd4 24. Ng4 Qe7 25. Rg3 Rc6 26. Rxd4 Rg6 27. Bf3 Nf6 28.
Nxf6+ Rgxf6 29. Rgg4 Qe1+ 30. Kh2 Qe5+ 31. Kg1 Kh8 32. Rh4 Qf5 33. Qd2 Rd8 34.
Rh5 Qg6 35. Rg5 Qb1+ 36. Kh2 h6 37. Re5 Rdf8 38. Qe2 Qa1 39. Re7 Bc8 40. Rxd5
Bxh3 41. Rd1 Qa2 42. Kxh3 Qb3 43. Re3 Qxb4 44. Re8 Qc5 45. Rdd8 Qf5+ 46. Bg4
Qc5 47. Bf3 Qf5+ 48. Bg4 Qc5 49. f3 a3 50. bxa3 Qxa3 51. Ra8 Qc5 52. Rac8 Qb4
53. Bd7 Qd6 54. Bxb5 Qf4 55. Rxc4 Qg5 56. Rg4 Qh5+ 57. Kg3 Rxe8 58. Bxe8 Qd5
59. Qe7 Qd6+ 60. Qxd6 Rxd6 61. Bb5 Kg8 62. Bc4+ Kf8 63. Rf4+ Ke8 64. Rf7 Rg6+
65. Kf4 Rxg2 66. Kf5 Rg5+ 67. Ke4 h5 68. Rf5 Rg1 69. Rxh5 Ke7 70. Kf5 g6+ 71.
Kf4 gxh5 72. Bd3 Kf6 73. Bf5 Rg2 74. Bh3 h4 75. Bxg2 1-0

[Event "Summer Cup"]
[Site "Wellington Chess Club"]
[Date "2023.02.26"]
[Round "3.19"]
[White "Wilde, Brynn"]
[Black "Ulm, Joy"]
[Result "0-1"]
[WhiteElo "1000"]
[BlackElo "1654"]

1. d4 Nf6 2. c4 e6 3. g3 d5 4. Nf3 Be7 5. Bg2 O-O 6. O-O c6 7. Nc3 Nbd7 8. Bf4
Nh5 9. Bd2 Qc7 10. c5 e5 11. b4 exd4 12. Nxd4 a5 13. a3 axb4 14. axb4 Rxa1 15.
Qxa1 b6 16. Nf5 Bf6 17. e3 g6 18. Nh6+ Kh8 19. cxb6 Qxb6 20. Qa3 Ne5 21. b5 Kg7
22. bxc6 Nc4 23. Nxd5 Nxa3 24. Nxb6 Kxh6 25. Ra1 Bxa1 26. Bb4 Rd8 27. Bxa3 Rd1+
28. Bf1 Bh3 29. Bf8+ Bg7 30. Bxg7+ Kxg7 0-1

[Event "Summer Cup"]
[Site "Wellington Chess Club"]
[Date "2023.02.26"]
[Round "3.20"]
[White "Sellen, Ian"]
[Black "Sova, Leo"]
[Result "1/2-1/2"]
[WhiteElo "2072"]
[BlackElo "1000"]

1. c4 Nf6 2. Nc3 e5 3. Nf3 Nc6 4. g3 d5 5. cxd5 Nxd5 6. Bg2 Be6 7. O-O Bd6 8.
d4 exd4 9. Nxd4 Nxc3 10. Nxc6 Nxd1 11. Nxd8 Rxd8 12. Rxd1 c6 13. Be3 a6 14. Bd4
f6 15. e4 Kf7 16. b3 c5 17. Be3 b5 18. Rdc1 c4 19. Bf1 Ba3 20. Rc2 Rc8 21. bxc4
Bxc4 22. Bxc4+ Rxc4 23. Rxc4 bxc4 24. Bc1 Bxc1 25. Rxc1 1/2-1/2

[Event "Summer Cup"]
[Site "Wellington Chess Club"]
[Date "2023.02.26"]
[Round "3.21"]
[White "Campbell, Cazna"]
[Black "Mangera, Muhammad"]
[Result "1-0"]
[WhiteElo "1701"]
[BlackElo "1515"]

1. c4 Nf6 2. Nc3 d5 3. cxd5 Nxd5 4. g3 e6 5. Bg2 Bc5 6. Nf3 Nxc3 7. bxc3 Nc6 8.
d4 Bb6 9. Ba3 Bd7 10. O-O Qf6 11. e4 e5 12. d5 Ne7 13. c4 O-O 14. c5 Ba5 15.
Qb3 a6 16. Bb2 Ng6 17. Nxe5 Nxe5 18. f4 Qe7 19. Bxe5 Qxc5+ 20. Kh1 Qb6 21. Qf3
f6 22. Bc3 Bxc3 23. Qxc3 Bb5 24. Rfc1 c6 25. Qb3 Qd4 26. dxc6+ Rf7 27. cxb7 Rf8
28. Rab1 Qa7 29. a4 Bxa4 30. Qxa4 Rxb7 31. Rxb7 Qxb7 32. e5 Qb2 33. Qc4+ Kh8
34. Qc8 Qb8 35. Qxb8 Rxb8 36. Bb7 a5 37. Rc8+ Rxc8 38. Bxc8 fxe5 39. fxe5 Kg8
40. Be6+ Kf8 41. Ba2 Ke7 42. Kg2 g6 43. Kf3 h6 44. Kg4 Kf8 45. h4 Kg7 46. h5
gxh5+ 47. Kxh5 Kf8 48. Kxh6 a4 49. g4 a3 50. g5 Ke8 51. g6 Kf8 52. g7+ Ke7 53.
g8=Q Kd7 54. e6+ Ke7 55. Qf7+ Kd6 56. e7 Kc5 57. e8=N Kd4 58. Qd5+ Ke3 59. Nf6
Kf4 60. Qe4+ Kg3 61. Bd5 Kf2 62. Ng4+ Kf1 63. Qg2+ Ke1 64. Qf2+ Kd1 65. Ne3+
Kc1 66. Qc2# 1-0

[Event "Summer Cup"]
[Site "Wellington Chess Club"]
[Date "2023.02.26"]
[Round "3.22"]
[White "Carlyle, Mathieson"]
[Black "Ulm, Eric"]
[Result "1-0"]
[WhiteElo "1620"]
[BlackElo "1000"]

1. e4 e6 2. d4 d5 3. e5 c5 4. Nf3 Qb6 5. b3 Ne7 6. dxc5 Qxc5 7. Ba3 Qa5+ 8. b4
Qc7 9. Bb5+ Nbc6 10. O-O a6 11. Bxc6+ Nxc6 12. Qe1 Be7 13. c3 b5 14. Nbd2 O-O
15. Nb3 Bb7 16. Rc1 Rfd8 17. Nbd4 Nxd4 18. Nxd4 Rac8 19. f4 Qb6 20. Kh1 a5 21.
f5 Bxb4 22. Bxb4 axb4 23. f6 g6 24. Qh4 Kh8 25. Rf3 Rxc3 26. Rcxc3 bxc3 27. Qh6
1-0

[Event "Summer Cup"]
[Site "Wellington Chess Club"]
[Date "2023.02.26"]
[Round "3.23"]
[White "Fairbrother, Rebecca"]
[Black "Farrington, Lawrence"]
[Result "0-1"]
[WhiteElo "1000"]
[BlackElo "1569"]

1. e4 e6 2. Nc3 d5 3. d3 c5 4. e5 Nc6 5. Nf3 Nge7 6. Be3 d4 7. Bg5 dxc3 8. b3
Nd4 9. Nh4 Qc7 10. Bf4 Nd5 11. g3 Be7 12. Nf3 Bd7 13. Bg2 Bc6 14. Ng5 Nxf4 15.
Bxc6+ Qxc6 16. Rf1 Bxg5 17. Qc1 Ng2+ 18. Kd1 Bxc1 19. Kxc1 O-O-O 20. Rb1 Nf3
21. b4 cxb4 22. Rxb4 Nxe5 23. Rb3 Nf3 24. Rh1 Nd2 25. Ra3 Ne3 26. h4 Qxh1# 0-1

[Event "Summer Cup"]
[Site "Wellington Chess Club"]
[Date "2023.02.26"]
[Round "3.26"]
[White "Schwalger, Harry"]
[Black "de Maupeou d'Ableiges, Alexandre"]
[Result "0-1"]
[WhiteElo "1500"]
[BlackElo "1699"]

1. e4 c5 2. Nc3 e6 3. Bc4 a6 4. a4 Nc6 5. d3 Nge7 6. Nf3 Ng6 7. d4 cxd4 8. Nxd4
d6 9. O-O Be7 10. f4 Qb6 11. Ne2 e5 12. fxe5 dxe5 13. Bxf7+ Kd8 14. Be3 Nxd4
15. Nxd4 exd4 16. Bxd4 Qd6 17. Bxg7 Kc7 18. Qxd6+ Bxd6 19. Bxh8 Nxh8 20. Bd5
Bd7 21. Rfe1 Re8 22. b3 Ng6 23. Bf7 Re7 24. Bxg6 hxg6 25. Rad1 Bc6 26. c3 Bc5+
27. Kh1 Bxe4 28. b4 Bd6 29. Kg1 Bc2 30. Rxe7+ Bxe7 31. Ra1 Bf6 32. Ra3 Kd6 33.
Kf2 Kd5 34. Ke3 Kc4 35. Kd2 Be4 36. g3 g5 37. h3 Bg2 38. h4 gxh4 39. gxh4 Bxh4
40. Kc2 Be4+ 41. Kb2 Bf6 42. Rb3 Kd3 43. b5 a5 44. Kc1 Bxc3 45. b6 Bc6 46. Kb1
Bxa4 47. Ra3 Bc6 48. Ka2 Kc2 49. Rxc3+ Kxc3 0-1

[Event "Summer Cup"]
[Site "Wellington Chess Club"]
[Date "2023.02.26"]
[Round "3.27"]
[White "Darr, Samuel"]
[Black "He, Jacob"]
[Result "1-0"]
[WhiteElo "1569"]
[BlackElo "1300"]

1. e4 e5 2. Nf3 Nc6 3. Bc4 Nf6 4. Nc3 Bc5 5. d3 O-O 6. Bg5 h6 7. Bh4 d6 8. h3
Bd7 9. Qd2 Nb4 10. a3 Nc6 11. Nd5 Re8 12. Nxf6+ gxf6 13. Qxh6 Re6 14. Bxe6 Bxe6
15. Bxf6 Qe8 16. Qg7# 1-0